000 00421pab a2200157 454500
008 180718b1989 xxu||||| |||| 00| 0 eng d
100 _aRanade, Wendy
245 _aPrivatizing from within
_bThe National Health Service under Thather
260 _c1989
300 _a19-34
362 _aUul.-Aug.
650 _aHealth Service - U.K.
700 _aStuart Haywood
773 _aLocal Government Studies
909 _a10098
999 _c10098
_d10098